000 01097cam a22001814a 4500
005 20250605164354.0
008 250528s ||||||||||||||||||||||||d
035 _a24255
040 _aGR-AtMCL
_bgre
_dGR-AtMCL
_eAACR2
245 1 _aEuropeans and Their Health / World Health - The Magazine of the World Health Organization
260 _bWorld Health,
_c1991
300 _a31
520 _aThe European Way to Health for All, Towards Health for All in England, Health for All - Theory and Practice, Reforming Outdated Health Systems, Environment and Health - Everyone's Concern, Heartbeat Wales, The Clock Can't be Stopped, Cities on the Road to Health, Health Targets for Europe, Europe and Smoking, Eurohealth: A Programme for Central and Eastern Europe, From Abortion to Contraception in Romania, Women's Health in Europe, The Quality of Health Care, The Elixir of Life, Water: A Fragile Resource, Responding to Disasters, USSR: Learning to Think Constructively.
700 1 _aLiisberg Eilif
_99434
942 _cCR
999 _c9145
_d9145